| 000 | 01446nam a2200337Ia 4500 | ||
|---|---|---|---|
| 005 | 20220317001153.0 | ||
| 008 | 160825s2008 sp a g 000 0 spa | ||
| 020 | _a9,7884846458e+012 | ||
| 100 | 1 |
_aLobel, Arnold _d1933-1987 |
|
| 245 |
_aHistorias de ratones _cescrito e ilustrado por Arnold Lobel ; traducido por Xosé Manuel González |
||
| 250 | _a4a. edición | ||
| 300 |
_a64 páginas _bilustraciones en color _c22 cm |
||
| 490 | _aLibros para soñar | ||
| 505 | _aEl pozo de los deseos; Nubes -- Ratón muy alto y ratón muy bajo -- El ratón y los vientos -- El viaje -- El ratón viejo -- El baño | ||
| 650 | 1 | 4 |
_2LEMB _aCuentos infantiles estadounidenses _ySiglo XX |
| 650 | 1 | 4 |
_2LEMB _aLiteratura infantil estadounidense _ySiglo XX |
| 650 | 1 | 4 |
_2LEMB _aRatones en la literatura |
| 650 | 1 | 4 |
_2LEMB _aDeseso en la literatura |
| 650 | 1 | 4 |
_2LEMB _aViajes en la literatura |
| 650 | 1 | 4 |
_2LEMB _aLibros ilustrados para niños |
| 700 | 1 |
_aLobel, Arnold _d1933-1987 _93498 |
|
| 700 | 1 |
_aGonzález, Xosé Manuel., "Oli" _967138 |
|
| 740 | 3 | 2 |
_aEl pozo de los deseos _aNubes _aRatón muy alto, ratón muy bajo _aEl ratón viejo _aEl baño _aEl ratón y los vientos _aEl viaje |
| 942 |
_2loc _cBKINF |
||
| 264 |
_aPontevedra _bKalandraka _c2008 |
||
| 336 |
_atexto _btxt _2rdacontent |
||
| 337 |
_asin mediación _bn _2rdamedia |
||
| 338 |
_avolumen _bnc _2rdacarrier |
||
| 040 |
_aCO-BoRNBP _bspa _erda _cCO-BoRNBP |
||
| 084 | _aC LOB1 | ||
| 999 |
_c6138 _d6138 |
||